Foreign capital for economic development : A Korean Case Study

This study attempts to integate the factors that affect the amount of foreign-capital needs in Korea and the forces that determine the parameter values of these factors. The major economic factora discussed in this book are aggregate income, investmant, savings, exports, and imports.

Tallennettuna:
Bibliografiset tiedot
Päätekijä: Kim, Seung Hee
Aineistotyyppi: Kirja
Kieli:Undetermined
Julkaistu: New York Praeger 1970
Aiheet:
Tagit: Lisää tagi
Ei tageja, Lisää ensimmäinen tagi!
Thư viện lưu trữ: Trung tâm Học liệu Trường Đại học Cần Thơ
LEADER 00926nam a2200217Ia 4500
001 CTU_228881
008 210402s9999 xx 000 0 und d
082 |a 332.673 
082 |b K49 
100 |a Kim, Seung Hee 
245 0 |a Foreign capital for economic development : 
245 2 |b A Korean Case Study 
245 0 |c Seung Hee Kim ; Foreword by Thomas M. Franck 
260 |a New York 
260 |b Praeger 
260 |c 1970 
520 |a This study attempts to integate the factors that affect the amount of foreign-capital needs in Korea and the forces that determine the parameter values of these factors. The major economic factora discussed in this book are aggregate income, investmant, savings, exports, and imports. 
650 |a Đầu tư, nước ngoài,Investments, foreign 
650 |z Hàn Quốc,Korea (South) 
910 |b dqhieu 
980 |a Trung tâm Học liệu Trường Đại học Cần Thơ